| 000 | 00647nam a2200205 4500 | ||
|---|---|---|---|
| 001 | 113667 | ||
| 003 | ES-MaACL | ||
| 005 | 20230906185955.0 | ||
| 007 | t| | ||
| 008 | 061121s1943 sp r ||||1| spa d | ||
| 080 | _a616-07(075.8) | ||
| 100 | 1 |
_aNoguer Molins, Luis. _985863 |
|
| 245 | 1 | 0 |
_aDiagnóstico médico : _b(patología interna) / _cLuis Noguer Molins ; prólogo de Eusebio Oliver Aznar. |
| 250 | _a3ª ed. notablemente aum. | ||
| 260 |
_aBarcelona : _bCientífico Médica, _c1943. |
||
| 300 |
_a701 p. : _bil. ; _c22 cm. |
||
| 650 | 4 |
_aDiagnóstico. _911851 |
|
| 700 | 1 |
_aOliver Aznar, Eusebio. _986830 |
|
| 852 | 4 |
_aES-MaACL _jE-226 |
|
| 999 |
_c113667 _d113667 |
||